[Event "Vellmar op 8th"]
[Site "Vellmar"]
[Date "2016.07.30"]
[Round "5"]
[White "Bajorski, Marius"]
[Black "Phunhon Lopez, Daniel Alejandro"]
[Result "1/2-1/2"]
[WhiteElo "1753"]
[BlackElo "1958"]
[PlyCount "119"]
[EventDate "2016.07.28"]
[EventType "swiss"]
[EventRounds "7"]
[EventCountry "GER"]
[SourceTitle "CBM 173 Extra"]
[Source "ChessBase"]
[SourceDate "2016.08.29"]
[SourceVersion "1"]
[SourceVersionDate "2016.08.29"]
[SourceQuality "1"]

1. e4 c5 2. Nf3 e6 3. Nc3 a6 4. g3 b5 5. Bg2 Bb7 6. d3 Nc6 7. 0-0 d6 8. h3 Nf6 9. Nh2 Be7 10. f4 e5 11. f5 Nd4 12. Re1 Qc7 13. Bg5 Rd8 14. Bxf6 Bxf6 15. Ng4 Qe7 16. Ne3 Bg5 17. Ncd5 Bxe3+ 18. Nxe3 b4 19. c3 bxc3 20. bxc3 Nb5 21. Qb3 0-0 22. a4 Na7 23. Ng4 Rb8 24. f6 gxf6 25. Qd1 Kh8 26. Rf1 f5 27. Rxf5 Bc8 28. Rf2 f5 29. Qf1 Qg5 30. exf5 Rxf5 31. Nh2 Bd7 32. h4 Rxf2 33. Qxf2 Qe7 34. Rf1 Kg7 35. Bd5 Rf8 36. Qxf8+ Qxf8 37. Rxf8 Kxf8 38. Be4 Bxa4 39. Bxh7 Bc2 40. Ng4 c4 41. Ne3 Bxd3 42. Bxd3 cxd3 43. Kf1 Nb5 44. c4 Nd4 45. Nd5 a5 46. Ke1 Nb3 47. Nc3 Kg7 48. g4 Kg6 49. Kd1 Nc5 50. Kd2 a4 51. Nxa4 Nxa4 52. Kxd3 Nb2+ 53. Kc3 Nd1+ 54. Kd2 Nf2 55. g5 Ne4+ 56. Ke3 Ng3 57. Kf3 Nf5 58. Ke4 Nxh4 59. c5 dxc5 60. Kxe5 1/2-1/2

[Event "Dortmund Sparkassen op-A 44th"]
[Site "Dortmund"]
[Date "2016.07.15"]
[Round "7"]
[White "Sicars, Thorsten"]
[Black "Phunhon Lopez, Daniel Alejandro"]
[Result "1-0"]
[WhiteElo "2066"]
[BlackElo "1958"]
[PlyCount "71"]
[EventDate "2016.07.09"]
[EventType "swiss"]
[EventRounds "9"]
[EventCountry "GER"]
[SourceTitle "CBM 173 Extra"]
[Source "ChessBase"]
[SourceDate "2016.08.29"]
[SourceVersion "1"]
[SourceVersionDate "2016.08.29"]
[SourceQuality "1"]

1. d4 Nf6 2. Bf4 c5 3. e3 cxd4 4. exd4 Qb6 5. Nc3 a6 6. a3 d5 7. Nf3 Nc6 8. h3 Bf5 9. Bd3 Bxd3 10. Qxd3 e6 11. 0-0 Be7 12. Ne2 0-0 13. Ng3 Na5 14. Ne5 Rfc8 15. Rab1 Nc4 16. c3 Qa7 17. Bg5 b5 18. Qe2 a5 19. Ra1 Qb7 20. Nd3 h6 21. Bxf6 Bxf6 22. Nh5 Qe7 23. Rfe1 g6 24. Qg4 Bg7 25. Nhf4 Qd6 26. Nxg6 fxg6 27. Rxe6 Qf8 28. Rxg6 Kh7 29. b3 Nd6 30. Nf4 Ne8 31. Re1 Rxc3 32. Nxd5 Rxb3 33. Re7 Rb1+ 34. Kh2 Kh8 35. Qe4 Qg8 36. Rexg7 1-0

[Event "Dortmund Sparkassen op-A 44th"]
[Site "Dortmund"]
[Date "2016.07.12"]
[Round "4"]
[White "Phunhon Lopez, Daniel Alejandro"]
[Black "Kruse, Janik"]
[Result "0-1"]
[WhiteElo "1958"]
[BlackElo "2153"]
[PlyCount "86"]
[EventDate "2016.07.09"]
[EventType "swiss"]
[EventRounds "9"]
[EventCountry "GER"]
[SourceTitle "CBM 173 Extra"]
[Source "ChessBase"]
[SourceDate "2016.08.29"]
[SourceVersion "1"]
[SourceVersionDate "2016.08.29"]
[SourceQuality "1"]

1. e4 e5 2. Nc3 Nc6 3. Nf3 Nf6 4. d4 exd4 5. Nxd4 Bb4 6. Nxc6 bxc6 7. Bd3 d5 8. exd5 cxd5 9. 0-0 0-0 10. Bg5 c6 11. Qf3 Be7 12. h3 Rb8 13. b3 h6 14. Bh4 Rb4 15. Bg3 Bd6 16. a3 Rb7 17. Ne2 Re8 18. Nd4 c5 19. Nb5 Bxg3 20. Qxg3 Re6 21. Rfe1 Rxe1+ 22. Rxe1 Rxb5 23. Bxb5 Qa5 24. Re7 Qxb5 25. Rxa7 Be6 26. a4 Qb4 27. Ra8+ Kh7 28. Qd3+ Ne4 29. a5 Qe1+ 30. Qf1 Qd2 31. a6 d4 32. a7 Bd5 33. Rd8 Bc6 34. a8Q Bxa8 35. Rxa8 Qxc2 36. Qe1 f5 37. f3 d3 38. Rd8 Qe2 39. Qf1 Qe3+ 40. Kh2 Nd6 41. Kh1 Qd4 42. g4 d2 43. Qd1 Qe3 0-1

[Event "Hannover Ihme Cup"]
[Site "Hannover"]
[Date "2016.05.21"]
[Round "3"]
[White "Schulz, Daniel"]
[Black "Phunhon Lopez, Daniel Alejandro"]
[Result "1-0"]
[WhiteElo "1952"]
[BlackElo "2007"]
[PlyCount "89"]
[EventDate "2016.05.20"]
[EventType "swiss"]
[EventRounds "5"]
[EventCountry "GER"]
[SourceTitle "CBM 189 Extra"]
[Source "ChessBase"]
[SourceDate "2019.05.31"]
[SourceVersion "1"]
[SourceVersionDate "2019.05.31"]
[SourceQuality "1"]

1. d4 Nf6 2. c4 e6 3. g3 d5 4. Nf3 Be7 5. Bg2 0-0 6. 0-0 c6 7. Qc2 Nbd7 8. Nbd2 b6 9. e4 dxe4 10. Nxe4 Bb7 11. Rd1 h6 12. Bf4 Nxe4 13. Qxe4 Nf6 14. Qc2 Bd6 15. Bxd6 Qxd6 16. c5 Qe7 17. Ne5 Rfc8 18. b4 Nd5 19. Qd2 b5 20. a4 a6 21. h4 Qd8 22. Ra2 a5 23. axb5 axb4 24. Rxa8 Bxa8 25. b6 Nc3 26. Ra1 Qxd4 27. Qxd4 Ne2+ 28. Kf1 Nxd4 29. Ra4 Nc2 30. Be4 b3 31. Bxc2 bxc2 32. Rc4 f6 33. Nf3 Rd8 34. Rxc2 Kf7 35. Rd2 Rxd2 36. Nxd2 Ke7 37. Ne4 Bb7 38. Nd6 Ba6+ 39. Ke1 Kd7 40. Kd2 g6 41. Nf7 Ke7 42. Nxh6 f5 43. g4 Kf6 44. g5+ Kg7 45. f4 1-0

[Event "Hofheim Spring op-A 4th"]
[Site "Hofheim"]
[Date "2016.04.02"]
[Round "8"]
[White "Phunhon Lopez, Daniel Alejandro"]
[Black "Weber, Ulrich"]
[Result "0-1"]
[WhiteElo "1918"]
[BlackElo "2389"]
[PlyCount "28"]
[EventDate "2016.03.29"]
[EventType "swiss"]
[EventRounds "9"]
[EventCountry "GER"]
[SourceTitle "CBM 171 Extra"]
[Source "ChessBase"]
[SourceDate "2016.04.26"]
[SourceVersion "1"]
[SourceVersionDate "2016.04.26"]
[SourceQuality "1"]

1. e4 c5 2. Nc3 Nc6 3. Bb5 Nd4 4. a4 a6 5. Bc4 e6 6. Nf3 Ne7 7. Nxd4 cxd4 8. Ne2 d5 9. Bd3 Nc6 10. c3 Ne5 11. Qc2 dxe4 12. Bxe4 d3 13. Qb3 dxe2 14. Bxb7 Rb8 0-1

[Event "Hofheim Spring op-A 4th"]
[Site "Hofheim"]
[Date "2016.04.01"]
[Round "6"]
[White "Phunhon Lopez, Daniel Alejandro"]
[Black "Koellner, Christof"]
[Result "0-1"]
[WhiteElo "1918"]
[BlackElo "2111"]
[PlyCount "100"]
[EventDate "2016.03.29"]
[EventType "swiss"]
[EventRounds "9"]
[EventCountry "GER"]
[SourceTitle "CBM 171 Extra"]
[Source "ChessBase"]
[SourceDate "2016.04.26"]
[SourceVersion "1"]
[SourceVersionDate "2016.04.26"]
[SourceQuality "1"]

1. e4 d6 2. d4 Nf6 3. Nc3 e5 4. Nf3 exd4 5. Nxd4 Be7 6. Bd3 0-0 7. h3 Re8 8. 0-0 a6 9. Qf3 c5 10. Nf5 Bxf5 11. Qxf5 g6 12. Qf3 Nbd7 13. a4 Ne5 14. Qg3 Qb6 15. Qe3 Bf8 16. Kh1 Qc6 17. f4 Nxd3 18. cxd3 d5 19. exd5 Nxd5 20. Qf3 Rad8 21. Bd2 Nb4 22. Qg4 f5 23. Qg3 Rxd3 24. Qf2 Rxh3+ 25. Kg1 Nd3 26. gxh3 Nxf2 27. Kxf2 Bg7 28. Rac1 Bd4+ 29. Kg3 Bxc3 30. Rxc3 Re2 31. Rf2 Rxf2 32. Kxf2 Qxa4 33. Rxc5 Qd4+ 34. Be3 Qxb2+ 35. Kg3 Qb3 36. Kf2 b5 37. h4 a5 38. h5 gxh5 39. Kf3 Qd3 40. Rc8+ Kf7 41. Rc7+ Ke6 42. Rxh7 Qf1+ 43. Kg3 Qe2 44. Bb6 Qg4+ 45. Kf2 Qxf4+ 46. Kg2 a4 47. Ra7 h4 48. Bf2 h3+ 49. Kf1 Qf3 50. Ke1 h2 0-1

[Event "GER-chT Lands U20"]
[Site "Hannover"]
[Date "2014.10.06"]
[Round "6.4"]
[White "Nguyen, Huy Dat"]
[Black "Phunhon Lopez, Daniel Alejandro"]
[Result "1-0"]
[WhiteElo "1952"]
[BlackElo "1807"]
[PlyCount "49"]
[EventDate "2014.10.03"]
[EventType "team-swiss"]
[EventRounds "7"]
[EventCountry "GER"]
[SourceTitle "CBM 162 Extra"]
[Source "ChessBase"]
[SourceDate "2014.10.17"]
[SourceVersion "1"]
[SourceVersionDate "2014.10.17"]
[SourceQuality "1"]
[WhiteTeam "Thueringen"]
[BlackTeam "Niedersachsen II"]
[WhiteTeamCountry "GER"]
[BlackTeamCountry "GER"]

1. e4 c5 2. Nf3 e6 3. d4 cxd4 4. Nxd4 a6 5. Bd3 Nc6 6. Nxc6 bxc6 7. 0-0 d5 8. Nc3 Qc7 9. Qe2 Bb7 10. Bd2 Nf6 11. Rae1 d4 12. Na4 e5 13. b3 a5 14. f4 Bd6 15. Nb2 0-0 16. Nc4 a4 17. Nxd6 Qxd6 18. fxe5 Qxe5 19. Rf5 Qe7 20. Bg5 Rad8 21. e5 h6 22. Bh4 Bc8 23. Rxf6 gxf6 24. Bxf6 Qc7 25. Qe4 1-0

[Event "GER-chT Lands U20"]
[Site "Hannover"]
[Date "2014.10.05"]
[Round "4.4"]
[White "Kololli, Martin"]
[Black "Phunhon Lopez, Daniel Alejandro"]
[Result "1-0"]
[WhiteElo "2182"]
[BlackElo "1807"]
[PlyCount "67"]
[EventDate "2014.10.03"]
[EventType "team-swiss"]
[EventRounds "7"]
[EventCountry "GER"]
[SourceTitle "CBM 162 Extra"]
[Source "ChessBase"]
[SourceDate "2014.10.17"]
[SourceVersion "1"]
[SourceVersionDate "2014.10.17"]
[SourceQuality "1"]
[WhiteTeam "Schleswig Holstein"]
[BlackTeam "Niedersachsen II"]
[WhiteTeamCountry "GER"]
[BlackTeamCountry "GER"]

1. e4 c5 2. c3 Nf6 3. e5 Nd5 4. d4 cxd4 5. Nf3 Nc6 6. Bc4 Nb6 7. Bb3 d6 8. exd6 Qxd6 9. 0-0 Bf5 10. cxd4 Rd8 11. Nc3 e6 12. Be3 Be7 13. Qe2 a6 14. Rfd1 Nd5 15. Rac1 Nxc3 16. bxc3 0-0 17. c4 Qc7 18. d5 Ne5 19. Bf4 Nxf3+ 20. Qxf3 Qb6 21. d6 Bf6 22. c5 Qb5 23. Qe3 Rd7 24. Be5 Bxe5 25. Qxe5 Rc8 26. Qd4 Qc6 27. Ba4 b5 28. cxb6 Qxc1 29. Bxd7 Rc2 30. b7 Qb2 31. Qxb2 Rxb2 32. Bb5 Rxb5 33. d7 Rxb7 34. d8R# 1-0

[Event "Niedersachsen-ch U12"]
[Site "Rotenburg"]
[Date "2012.04.02"]
[Round "4"]
[White "Phunhon Lopez, Daniel Alejandro"]
[Black "Neumann, Tiemon"]
[Result "0-1"]
[WhiteElo "1307"]
[BlackElo "1750"]
[PlyCount "94"]
[EventDate "2012.03.31"]
[EventType "swiss"]
[EventRounds "11"]
[EventCountry "GER"]
[SourceTitle "EXT 2015"]
[Source "ChessBase"]
[SourceDate "2014.11.20"]
[SourceVersion "1"]
[SourceVersionDate "2014.11.20"]
[SourceQuality "1"]

1. e4 e5 2. Nc3 Nf6 3. Bc4 Nxe4 4. Nxe4 d5 5. Qe2 dxc4 6. Qxc4 Nc6 7. Nf3 Be6 8. Qb5 Bd5 9. Qe2 Be7 10. Nc3 Bxf3 11. Qxf3 Nd4 12. Qd1 0-0 13. 0-0 Qd6 14. Ne4 Qg6 15. d3 f5 16. Ng3 f4 17. Ne4 f3 18. g3 Ne2+ 19. Kh1 Qh5 20. Be3 Qh3 21. Rg1 Nxg1 22. Qxg1 b6 23. Nc3 Qg4 24. Rd1 Bg5 25. Bxg5 Qxg5 26. Nd5 Qd8 27. Ne3 a5 28. Qe1 Qd4 29. c3 Qa4 30. Ra1 Rad8 31. Qd2 c5 32. Nc4 e4 33. Nxb6 Qb5 34. Nd5 Rxd5 35. c4 Rxd3 36. Qxd3 Qxb2 37. Qd5+ Kh8 38. Rd1 Qxf2 39. Rg1 e3 40. Qxc5 Qxg1+ 41. Kxg1 f2+ 42. Kf1 e2+ 43. Kxe2 f1Q+ 44. Kd2 Rd8+ 45. Kc3 Rd3+ 46. Kc2 Qe2+ 47. Kb1 Rd1# 0-1